000 00990nam2a22002531 4500
001 rc\4923241
005 20250613041628.0
021 _aRU
_b[64-88943]
035 _a(NLR Aleph) 008941966
090 _a8951319
_c8951319
100 _a20130426d1964 |||y0rusy50 ca
101 0 _arus
102 _aRU
105 _ay z |||a|
200 1 _aРассказы
_aПадения Парижа
_eРоман
_f[Коммент. С. Лубэ]
210 _cХудож. лит.
_d1964
_aБ. м.
215 _a551 с.
_d21
461 0 _1001rc\4923237
_12001#$aСобрание сочинений$eВ 9 т.$eТ. 1-$vТ. 4
_1700#1$aЭренбург$bИ.Г.$f1891-1967$gИлья Григорьевич
_98951295
_aЭренбург, И. Г. (1891-1967)
_cМосква
_d1962
_nГослитиздат
_oВ 9 т. : Т. 1-
_tСобрание сочинений
_vТ. 4
702 1 _aЛубэ
_bС.
_4212
801 0 _aRU
_bNLR
_gpsbo
801 1 _aRU
_bELAR
_2rusmarc
852 _aNLR
_j63-3/581
942 _cBOOK
980 _aNB